000
00342nam a2200145Ia 4500
008
230718s9999 xx 000 0 und d
041
_a
Eng.
082
_a
347.06
_b
HAS-I
100
_a
Hassan, Jawad
245
0
_a
Invironment Laws in Pakistan
260
_a
Pakistan
_b
manzoor law book
_c
2007
300
_a
723
650
_a
Law
999
_c
29683
_d
29683